The Routledge handbook of lifestyle journalism / (Record no. 2664)

MARC details
000 -LEADER
fixed length control field 05366cam a22003738i 4500
001 - CONTROL NUMBER
control field 24128827
003 - CONTROL NUMBER IDENTIFIER
control field OSt
005 - DATE AND TIME OF LATEST TRANSACTION
control field 20260513114549.0
008 - FIXED-LENGTH DATA ELEMENTS--GENERAL INFORMATION
fixed length control field 250327s2025 enk b 001 0 eng
010 ## - LIBRARY OF CONGRESS CONTROL NUMBER
LC control number 2024057799
020 ## - INTERNATIONAL STANDARD BOOK NUMBER
International Standard Book Number 9781032500546
Qualifying information (hbk)
035 ## - SYSTEM CONTROL NUMBER
System control number 24128827
040 ## - CATALOGING SOURCE
Original cataloging agency DLC
Language of cataloging eng
Description conventions rda
Transcribing agency DLC
Modifying agency MILA_ain
042 ## - AUTHENTICATION CODE
Authentication code pcc
050 00 - LIBRARY OF CONGRESS CALL NUMBER
Classification number PN4784.L54
Item number R68 2025
245 04 - TITLE STATEMENT
Title The Routledge handbook of lifestyle journalism /
Statement of responsibility, etc. edited by Folker Hanusch.
264 #1 - PRODUCTION, PUBLICATION, DISTRIBUTION, MANUFACTURE, AND COPYRIGHT NOTICE
Place of production, publication, distribution, manufacture Abingdon, Oxon ;
-- New York, NY :
Name of producer, publisher, distributor, manufacturer Routledge,
Date of production, publication, distribution, manufacture, or copyright notice 2025.
300 ## - PHYSICAL DESCRIPTION
Extent pages cm.
336 ## - CONTENT TYPE
Content type term text
Content type code txt
Source rdacontent
337 ## - MEDIA TYPE
Media type term unmediated
Media type code n
Source rdamedia
338 ## - CARRIER TYPE
Carrier type term volume
Carrier type code nc
Source rdacarrier
490 0# - SERIES STATEMENT
Series statement Routledge media and cultural studies handbooks
504 ## - BIBLIOGRAPHY, ETC. NOTE
Bibliography, etc. note Includes bibliographical references and index.
505 0# - FORMATTED CONTENTS NOTE
Formatted contents note The making of a field? On the relevance of studying lifestyle journalism / Folker Hanusch -- Defining lifestyle journalism : cultural dimensions, commercial entanglements, and political relevance / Elfriede Fürsich and Nete Nørgaard Kristensen -- The making of modern journalism, from coffeehouse capitalism (strategic news) to constitutional spectacle (market lifestyle) / John Hartley -- Political and proprietorial interference in the food coverage of popular British newspapers between two world wars : a historical perspective / Sarah Lonsdale -- Reviving contemporary journalism through (reflection on) narrative lifestyle coverage? / Annik Dubied -- Journalism training and the status and dilemmas of lifestyle journalism practice in Southern Africa / Nhamo Anthony Mhiripiri -- Transforming journalistic genres on social media : books and literary reviews as cultural consumption / Unni From and Carsten Stage -- Food journalism's commercial ingredients / Peter English and David Fleischman -- Aesthetics of lifestyle journalism / Maarit Jakkola -- A voice of reason : authenticity and journalistic authority in lifestyle journalism / Joy Jenkins -- Consumerism, popular culture and religion between two continents : the Turkish case / Nilüfer Türksoy -- Aspirational lifestyle journalism / Sandra Banjac -- Passion as profession? Lifestyle journalists between exceptionalism and cruel optimism / Johana Kotišová -- Wellness influencing in India : ayurveda and identity on social media / Anuja Premika and Sumana Kasturi -- Bringing the world to us : travel journalism and the mediation of others / Ben Cocking -- Role perceptions in lifestyle journalism / Folker Hanusch -- The role of experts in lifestyle journalism / Daniel Nölleke -- Popular and political : the radical origins of lifestyle journalism / Bethany Usher -- The political relevance of food journalism / Elizabeth Fakazis -- Green lifestyle journalism / Geoffrey Craig -- Lifestyle journalism practices in hard news : dismantling the hard news versus soft news binary / Gregory Perreault and Ella Hackett -- How to be human : turns in health, lifestyle, and wellness journalism / Mariah L Wellman, Aly Hill and Avery E. Holton -- Ethical considerations in lifestyle journalism / Renita Coleman -- Taste-makers or thought-leaders? Lifestyle influencers and boundaries of lifestyle journalism / Phoebe Maares -- Digital technologies and change in the field of fashion journalism / Agnès Rocamora -- Coaches, gurus and influencers as self-help & lifestyle experts : from Insta therapy to becoming “that girl” on TikTok / Stephanie Alice Baker -- Everyday multiculturalism on Asian Australian food blogs / Tisha Dejmanee -- The new look of lifestyle guides : rethinking brand journalism for the digital age / Myles Ethan Lascity -- Intimacy and community building in lifestyle journalism 'dialogues' / Lucia Vodanovic -- Precarity, algorithmic visibility and aspirational labour in the construction of lifestyle / Rob Sharp.
520 ## - SUMMARY, ETC.
Summary, etc. "Taking stock of research in an area that has long been starved of scholarly attention, The Routledge Handbook of Lifestyle Journalism brings together scholars from across journalism, communication, and media studies to offer the first substantial volume of its kind in this dynamic field. This Handbook is divided into five major sections covering definitions; current trends; the relationship between lifestyle journalism and consumer culture; how lifestyle journalism interacts with matters of identity, emotion, politics, and society; and future directions. Featuring 30 contributions from authors at the cutting-edge of research around the world, each chapter provides an authoritative overview of key literature and debates and proposes a way forward for future scholarship. The Routledge Handbook of Lifestyle Journalism is an essential companion for advanced students and researchers of lifestyle journalism and related beats including food, fashion, and travel Writing"--
Assigning source Provided by publisher.
650 #0 - SUBJECT ADDED ENTRY--TOPICAL TERM
Topical term or geographic name entry element Lifestyle journalism.
650 #0 - SUBJECT ADDED ENTRY--TOPICAL TERM
Topical term or geographic name entry element Journalism, Consumer.
650 #0 - SUBJECT ADDED ENTRY--TOPICAL TERM
Topical term or geographic name entry element Journalism
General subdivision Social aspects.
700 1# - ADDED ENTRY--PERSONAL NAME
Personal name Hanusch, Folker,
Dates associated with a name 1975-
Relator term editor.
776 08 - ADDITIONAL PHYSICAL FORM ENTRY
Relationship information Online version:
Title Routledge handbook of lifestyle journalism
Place, publisher, and date of publication Abingdon, Oxon ; New York, NY : Routledge, 2025
International Standard Book Number 9781003396727
Record control number (DLC) 2024057800
906 ## - LOCAL DATA ELEMENT F, LDF (RLIN)
a 0
b vip
c orignew
d 1
e ecip
f 20
g y-gencatlg
942 ## - ADDED ENTRY ELEMENTS (KOHA)
Source of classification or shelving scheme Library of Congress Classification
Koha item type Red Spot
Holdings
Withdrawn status Lost status Source of classification or shelving scheme Damaged status Not for loan Home library Current library Shelving location Date acquired Source of acquisition Cost, normal purchase price Total Checkouts Full call number Barcode Date last seen Cost, replacement price Price effective from Koha item type
    Library of Congress Classification     MILA University Central Library MILA University Central Library General Stacks 13/05/2026 Emo Book Services Sdn Bhd 971.41   PN4784.L54 R68 2025 (RS) 0003626 13/05/2026 971.41 13/05/2026 Red Spot
   
  Powered by CD Solutions Sdn Bhd